| 000 | 00373 a2200109 4500 | ||
|---|---|---|---|
| 001 | ART_12245 | ||
| 005 | 20260410161904.0 | ||
| 008 | 260409a | ||
| 245 | 1 | 0 | _aOn the efficient estimation methods for the macro-economic models nonlinear variables |
| 100 | 1 | _aHatanaka, Michio | |
| 773 | 0 |
_tJournal of econometrics _g- Vol. 8, NÂș 3 (dic. 1978) _wREV11720 |
|
| 999 |
_c26206 _d26206 |
||